书目信息 |
| 题名: |
国际财务报告准则简介及与中国会计准则比较
|
|
| 作者: | 王建新 编著 | |
| 分册: | ||
| 出版信息: | 北京 人民出版社 2008 |
|
| 页数: | 644页 | |
| 开本: | 25cm | |
| 丛书名: | ||
| 单 册: | ||
| 中图分类: | F234.5-65 , F233.2 | |
| 科图分类: | ||
| 主题词: | 国际会计--规范--研究 , 会计制度--研究--中国 , 国际会计 , 会计制度 | |
| 电子资源: | ||
| ISBN: | 978-7-01-007027-8 | |
| 000 | 01097nam0 2200289 45 | |
| 001 | 1033051156 | |
| 005 | 20100408160229.39 | |
| 010 | @a978-7-01-007027-8@dCNY76.00 | |
| 100 | @a20100401d2008 kemy0chiy50 ea | |
| 101 | 0 | @achi |
| 102 | @aCN@b110000 | |
| 105 | @ay z 000yy | |
| 106 | @ar | |
| 200 | 1 | @a国际财务报告准则简介及与中国会计准则比较@AGuo Ji Cai Wu Bao Gao Zhun Ze Jian Jie Ji Yu Zhong Guo Kuai Ji Zhun Ze Bi Jiao@dThe interpretation of IFRS and comparison with CAS@f王建新编著@FWang Jian Xin Bian Zhu@zeng |
| 210 | @a北京@c人民出版社@d2008 | |
| 215 | @a644页@d25cm | |
| 330 | @a本书共6章,内容包括:中国会计准则体系出台背景及内容概述、中国会计准则新旧比较、国际财务报告准则概述、国际财务报告准则内容简介等。 | |
| 510 | 0 | @aInterpretation of IFRS and comparison with CAS@zeng |
| 606 | 0 | @a国际会计@x规范@x研究 |
| 606 | 0 | @a会计制度@x研究@y中国 |
| 606 | 0 | @a国际会计 |
| 606 | 0 | @a会计制度 |
| 690 | @aF234.5-65@v4 | |
| 690 | @aF233.2@v4 | |
| 701 | 0 | @a王建新@AWang Jian Xin@f1973~)@4编著 |
| 801 | 0 | @aCN@bTANGWEI@c20100408 |
| 905 | @b0587865-67@dF234.5-65@e364@f3 | |
| 国际财务报告准则简介及与中国会计准则比较=The interpretation of IFRS and comparison with CAS/王建新编著.-北京:人民出版社,2008 |
| 644页;25cm |
| ←并列题名:Interpretation of IFRS and comparison with CAS |
| ISBN 978-7-01-007027-8:CNY76.00 |
| 本书共6章,内容包括:中国会计准则体系出台背景及内容概述、中国会计准则新旧比较、国际财务报告准则概述、国际财务报告准则内容简介等。 |
| ● |
| 相关链接 |
|
|
|
|
正题名:国际财务报告准则简介及与中国会计准则比较
索取号:F234.5-65/364
 
预约/预借
| 序号 | 登录号 | 条形码 | 馆藏地/架位号 | 状态 | 备注 |
| 1 | 0587865 | 205878656 | 第一样本阅览室/ [索取号:F234.5-65/364] | 在馆 | |
| 2 | 0587866 | 205878665 | 第一借阅区/ [索取号:F234.5-65/364] | 在馆 | |
| 3 | 0587867 | 205878674 | 第一借阅区/ [索取号:F234.5-65/364] | 在馆 |